Silk And Song (Record no. 348536)

MARC details
000 -LEADER
fixed length control field 00436nam a2200169Ia 4500
008 - FIXED-LENGTH DATA ELEMENTS--GENERAL INFORMATION
fixed length control field 230718s9999 xx 000 0 und d
020 ## - INTERNATIONAL STANDARD BOOK NUMBER
International Standard Book Number 9781784979546
041 ## - LANGUAGE CODE
Language code of text/sound track or separate title eng
082 ## - DEWEY DECIMAL CLASSIFICATION NUMBER
Classification number 813.6
Item number STA
100 ## - MAIN ENTRY--PERSONAL NAME
Personal name Stabenow D.
9 (RLIN) 201133
245 ## - TITLE STATEMENT
Title Silk And Song
260 ## - PUBLICATION, DISTRIBUTION, ETC. (IMPRINT)
Date of publication, distribution, etc. 2018
Name of publisher, distributor, etc. Head Zeus
300 ## - PHYSICAL DESCRIPTION
Extent 723
365 ## - TRADE PRICE
Currency code Rs.
Price amount 499.00
700 ## - ADDED ENTRY--PERSONAL NAME
Personal name Stabenow D.
9 (RLIN) 201133
906 ## - LOCAL DATA ELEMENT F, LDF (RLIN)
d O:0613019-Sep-2018B:461714-Aug-2018
c GENRL
b 109.78
Holdings
Withdrawn status Lost status Damaged status Not for loan Home library Current library Date acquired Vendor Budget Code Cost, normal purchase price Bill number Total Checkouts Full call number Barcode Date last seen Date last checked out Discount Cost, replacement price Bill Date Koha item type Original Barcode
        Cummins College of Engineering for Women Pune Cummins College of Engineering for Women Pune 19/09/2018 Technical Book Services GENRL 389.22 4617 3 813.6 CCEP-BK-59743 06/02/2026 05/02/2026 109.78 499.00 14/08/2018 Books 059743